| 000 | 00550nam a22001697a 4500 | ||
|---|---|---|---|
| 003 | OSt | ||
| 005 | 20241214102316.0 | ||
| 008 | 241022b |||||||| |||| 00| 0 eng d | ||
| 040 | _c0 | ||
| 082 | _aDPer050 M72 January-March 2018 v. 66 no. 8-10 | ||
| 100 |
_aRoyeca, Jon E. _eauthor. _963323 |
||
| 245 |
_aThe defeat of liberty / _cJon E. Royeca. |
||
| 260 |
_aPhilippines; _bPublishers Association of the Philippines, Inc, _cAugust 2018. |
||
| 300 |
_aVolume 66,pages 109, 110, _billustration. |
||
| 700 |
_aJon E. Royeca _931033 |
||
| 942 |
_2ddc _cPER |
||
| 999 |
_c22813 _d22813 |
||